Tegnap történt...

Elmentve itt :
Bibliográfiai részletek
Szerző: Cserzy Béla
Dokumentumtípus: Könyv
Megjelent: 1936
Kulcsszavak:Szeged - honismeret
Tárgyszavak:
Online Access:http://misc.bibl.u-szeged.hu/76137
LEADER 00574nam a2200181 i 4500
001 misc76137
005 20260319112401.0
008 260313s1936 hu o 000 hun d
040 |a SZTE Miscellanea Repozitórium  |b hun 
041 |a hun 
100 1 |a Cserzy Béla 
245 1 0 |a Tegnap történt...  |h [elektronikus dokumentum] /  |c  Cserzy Béla 
260 |c 1936 
300 |a 103  |c 18 cm 
650 4 |a Bölcsészettudományok 
650 4 |a Történettudomány és régészet 
695 |a Szeged - honismeret 
856 4 0 |u http://misc.bibl.u-szeged.hu/76137/1/XA_20947.pdf  |z Dokumentum-elérés